Ako kruhy na vode II

Bibliographic Details
Main Author: Chrobáková Repar, Stanislava, 1960- (Author)
Format: Article
Language:Slovak
ISSN:0231-6714
Subjects:

MARC

LEADER 00000nab a2200000 a 4500
001 vtls001521884
003 SK-MaSNL
005 20260303224132.0
008 131118c2004 xo mr|p|||||||000 b|slo
015 |a SNBRB2005/04  |2 snkbucl 
038 |a SNKBUCL 
040 |a SNKBUCL  |b slo  |c SNKBUCL  |e AACR2 
041 0 |a slo 
044 |a xo  |c SK 
080 |a 82:070:061.7  |2 1997 
080 |a 82:061.7  |2 1997 
080 |a 821 (4):061.7  |2 1997 
080 |a 070.488(4):061.7  |2 1997 
100 1 |a Chrobáková Repar, Stanislava,  |d 1960-  |4 aut  |9 100701 
245 1 0 |a Ako kruhy na vode  |n II  |c Stanislava Chrobáková Repar 
630 0 7 |a Časopis v časopise (literárny projekt)  |2 snkbucl  |9 1259544 
650 0 7 |a literárne časopisy, európske  |x literárne projekty  |2 snkbucl  |9 1259545 
773 0 |t Romboid+  |g Roč. XXXIX, (2004), s. 2-3  |x 0231-6714 
852 |a SNK  |b KIS3GCP 
958 |a LX 
999 |c 2250849  |d 2252779